Joyce Wieland : A life in Art

שמור ב:
מידע ביבליוגרפי
מחבר ראשי: Joyce Wieland
פורמט: ספר
שפה:Undetermined
יצא לאור: Canada ECW Press 2001
נושאים:
תגים: הוספת תג
אין תגיות, היה/י הראשונ/ה לתייג את הרשומה!
Thư viện lưu trữ: Trung tâm Học liệu Trường Đại học Cần Thơ
LEADER 00444nam a2200169Ia 4500
001 CTU_56138
008 210402s9999 xx 000 0 und d
082 |a 709.2 
082 |b N948 
100 |a Joyce Wieland 
245 0 |a Joyce Wieland : A life in Art 
245 0 |c Joyce Wieland 
260 |a Canada 
260 |b ECW Press 
260 |c 2001 
650 |a Artists biography Canada 
980 |a Trung tâm Học liệu Trường Đại học Cần Thơ